The young Jedi / (Record no. 400028)
[ view plain ]
| 000 -LEADER | |
|---|---|
| fixed length control field | 01778nam a2200397 i 4500 |
| 001 - CONTROL NUMBER | |
| control field | zcodcb b8439725 |
| 003 - CONTROL NUMBER IDENTIFIER | |
| control field | PWmBRO |
| 005 - DATE AND TIME OF LATEST TRANSACTION | |
| control field | 20240906160702.0 |
| 008 - FIXED-LENGTH DATA ELEMENTS--GENERAL INFORMATION | |
| fixed length control field | 230417s2023 caua b 000 1 eng d |
| 020 ## - INTERNATIONAL STANDARD BOOK NUMBER | |
| International Standard Book Number | 9781368093378 |
| 020 ## - INTERNATIONAL STANDARD BOOK NUMBER | |
| International Standard Book Number | 136809337X |
| 040 ## - CATALOGING SOURCE | |
| Original cataloging agency | PABRO |
| Language of cataloging | eng |
| Description conventions | rda |
| Transcribing agency | PABRO |
| 092 ## - LOCALLY ASSIGNED DEWEY CALL NUMBER (OCLC) | |
| Classification number | children leveled |
| Item number | Star Wars |
| 100 1# - MAIN ENTRY--PERSONAL NAME | |
| Personal name | Juhlin, Emeli, |
| Relator term | author. |
| 9 (RLIN) | 6439951 |
| 245 14 - TITLE STATEMENT | |
| Title | The young Jedi / |
| Statement of responsibility, etc | written by Emeli Juhlin. |
| 264 #1 - Production, Publication, Distribution, Manufacture, and Copyright Notice. | |
| Place of production, publication, distribution, manufacture | Los Angeles : |
| Name of producer, publisher, distributor, manufacturer | Disney Lucasfilm Press, |
| Date of production, publication, distribution, manufacture, or copyr | [2023] |
| 300 ## - PHYSICAL DESCRIPTION | |
| Extent | 32 pages : |
| Other physical details | color illustrations ; |
| Dimensions | 23 cm. |
| 336 ## - Content Type | |
| Content type term | text |
| 337 ## - Media type | |
| Media type term | unmediated |
| 338 ## - Carrier type | |
| Carrier type term | volume |
| 490 0# - SERIES STATEMENT | |
| Series statement | Star Wars young Jedi adventures. |
| 490 1# - SERIES STATEMENT | |
| Series statement | World of reading. Level 1. |
| 520 ## - SUMMARY, ETC. | |
| Summary, etc | Kai Brightstar, Lys Solay, and Nubs are younglings training to be Jedi Knights. Master Yoda sends them to an outpost temple on the planet of Tenoo. But before they reach the new temple, they have to learn how to work together to stop some greedy pirates! The World of Reading early readers are designed to offer reluctant readers books they will want to read by featuring stories about the characters they love from a galaxy far, far away. |
| 650 #0 - SUBJECT ADDED ENTRY--TOPICAL TERM | |
| Topical term or geographic name as entry element | Star Wars fiction. |
| 650 #0 - SUBJECT ADDED ENTRY--TOPICAL TERM | |
| Topical term or geographic name as entry element | Imaginary wars and battles |
| Form subdivision | Juvenile fiction. |
| 9 (RLIN) | 5691546 |
| 650 #0 - SUBJECT ADDED ENTRY--TOPICAL TERM | |
| Topical term or geographic name as entry element | Good and evil |
| Form subdivision | Juvenile fiction. |
| 9 (RLIN) | 5674232 |
| 650 #1 - SUBJECT ADDED ENTRY--TOPICAL TERM | |
| Topical term or geographic name as entry element | Science fiction. |
| 650 #1 - SUBJECT ADDED ENTRY--TOPICAL TERM | |
| Topical term or geographic name as entry element | Star Wars fiction. |
| 650 #1 - SUBJECT ADDED ENTRY--TOPICAL TERM | |
| Topical term or geographic name as entry element | Imaginary wars and battles |
| Form subdivision | Fiction. |
| 9 (RLIN) | 5673973 |
| 650 #1 - SUBJECT ADDED ENTRY--TOPICAL TERM | |
| Topical term or geographic name as entry element | Good and evil |
| Form subdivision | Fiction. |
| 9 (RLIN) | 5674230 |
| 655 #7 - INDEX TERM--GENRE/FORM | |
| Genre/form data or focus term | Science fiction. |
| Source of term | lcgft. |
| 655 #0 - INDEX TERM--GENRE/FORM | |
| Genre/form data or focus term | Science fiction. |
| 655 #7 - INDEX TERM--GENRE/FORM | |
| Genre/form data or focus term | Science fiction. |
| Source of term | gsafd. |
| 830 #0 - SERIES ADDED ENTRY--UNIFORM TITLE | |
| Uniform title | World of reading (New York, N.Y.). |
| Number of part/section of a work | Level 1. |
| 9 (RLIN) | 5681234 |
| 942 ## - ADDED ENTRY ELEMENTS (KOHA) | |
| Source of classification or shelving scheme | Dewey Decimal Classification |
| Koha item type | BOOK |
| Withdrawn status | Lost status | Source of classification or shelving scheme | Damaged status | Not for loan | Collection code | Home library | Current library | Shelving location | Date acquired | Source of acquisition | Total Checkouts | Total Renewals | Full call number | Barcode | Date last seen | Date checked out | Cost, replacement price | Price effective from | Koha item type |
|---|---|---|---|---|---|---|---|---|---|---|---|---|---|---|---|---|---|---|---|
| Dewey Decimal Classification | Children Leveled | Wasatch County Library | Wasatch County Library | Main Floor Childrens Area | 09/06/2024 | Penworthy | 3 | 4 | E Star Wars | 34301002129924 | 02/24/2025 | 02/14/2025 | 19.96 | 09/06/2024 | BOOK |
